[Event "POL-ch blind 22nd"]
[Site "Ilawa"]
[Date "1989.11.14"]
[Round "11"]
[White "Siluk, Zygmunt"]
[Black "Malcer, Krzysztof"]
[Result "1/2-1/2"]
[WhiteElo "2000"]
[BlackElo "1800"]
[PlyCount "74"]
[EventDate "1989.11.04"]
[EventType "tourn"]
[EventRounds "11"]
[EventCountry "POL"]
[SourceTitle "EXT 2011"]
[Source "ChessBase"]
[SourceDate "2010.11.26"]
[SourceVersion "1"]
[SourceVersionDate "2010.11.26"]
[SourceQuality "1"]

1. d4 Nf6 2. c4 g6 3. Nc3 Bg7 4. e4 d6 5. Nf3 0-0 6. h3 e5 7. d5 Nbd7 8. Bg5 h6 9. Be3 b6 10. g4 Nc5 11. Qc2 Bd7 12. Be2 Nh7 13. b4 Nb7 14. Qd2 g5 15. Bd3 a5 16. b5 Nc5 17. Bc2 f6 18. Ng1 Rf7 19. Nge2 Nf8 20. Ng3 Ng6 21. Qe2 Nf4 22. Bxf4 exf4 23. Nf5 Bxf5 24. gxf5 Qe7 25. f3 Qe5 26. Qd2 Kf8 27. Kf2 Ke7 28. Ne2 Kd7 29. Nd4 Rh8 30. Ne6 h5 31. Qd4 Qxd4+ 32. Nxd4 Kc8 33. Ne6 Nd7 34. Bd3 Ne5 35. Be2 Bh6 36. Rag1 h4 37. Rb1 Bf8 1/2-1/2

[Event "POL-ch blind 22nd"]
[Site "Ilawa"]
[Date "1989.11.05"]
[Round "2"]
[White "Niesluchowski, Jerzy"]
[Black "Malcer, Krzysztof"]
[Result "1-0"]
[WhiteElo "2000"]
[BlackElo "1800"]
[PlyCount "69"]
[EventDate "1989.11.04"]
[EventType "tourn"]
[EventRounds "11"]
[EventCountry "POL"]
[SourceTitle "EXT 2011"]
[Source "ChessBase"]
[SourceDate "2010.11.26"]
[SourceVersion "1"]
[SourceVersionDate "2010.11.26"]
[SourceQuality "1"]

1. e4 c5 2. Nf3 d6 3. d4 cxd4 4. Nxd4 Nf6 5. Nc3 a6 6. Bg5 e6 7. f4 Nbd7 8. Qf3 Be7 9. 0-0-0 Qc7 10. Bd3 b5 11. Rhe1 Bb7 12. Qe2 Nc5 13. e5 Nxd3+ 14. Rxd3 dxe5 15. fxe5 Nd5 16. Qg4 0-0 17. Bh6 g6 18. Bxf8 Bxf8 19. Nxe6 Qd7 20. Nxd5 Bxd5 21. Rxd5 Qxd5 22. Nc7 Qxa2 23. Nxa8 Bh6+ 24. Kd1 Qd5+ 25. Ke2 Qxa8 26. Kf1 Qb7 27. e6 Bf8 28. Rd1 Qe7 29. exf7+ Qxf7+ 30. Qf3 Qc4+ 31. Qd3 Qf4+ 32. Kg1 Bc5+ 33. Kh1 Bb6 34. Qd5+ Kf8 35. Qd6+ 1-0